00859nam a2200253 a 450000100060000000300090000600800410001502000150005604000280007108200170009910000350011624500360015126000360018730000110022349000240023459000500025865000430030865000220035165000180037365000330039194200120042499900170043695201520045318698CO-ViMGA141112s2004 ck r 000 u spa d a9501242307 aCO-ViMGAbspacCO-ViMGA04a155.444 G3531 aBraier, Eduardo (comp.)92661810aGemelos : bnarcisismo y dobles aBuenos Aires : bPaidos, c2000 a233 p. aPsicologia profunda aForma de adquisición : Premio Min - cultura14aGEMELOS - ASPECTOS PSICOLOGICOS92661914aNARCISISMO94916714aPSICOANALISIS14aPSICOTERAPIA FAMILIAR926620 2ddccBK c27933d27933 00102ddc40708002aMEVIECARbMEVIECARd2015-12-04hVolumen. 1 | 11/jun/2009l0o155.444 G353 p18698r2015-12-04 00:00:00tEj. 1w2015-12-04yBK